| 000 | 00000nam##2200000za#4500 |
| 001 | 9.696823 |
| 003 | CaOODSP |
| 005 | 20210624235216 |
| 007 | cr ||||||||||| |
| 008 | 150407|1998||||xxc|||||o f|0| 0 eng|d |
| 040 | |aCaOODSP|beng |
| 043 | |an-cn--- |
| 086 | 1 |aE97-52/1998E-PDF |
| 110 | 1 |aCanada.|bInternational Development Research Centre. |
| 245 | 10|aWorking with indigenous knowledge : |h[electronic resource]|ba guide for researchers / |c[by] Louise Grenier. |
| 260 | |bInternational Development Research Centre |cc1998. |
| 300 | |a130p.|bfigs., references, tables |
| 590 | |a12-41-Supp|b2012-11-07 |
| 690 | 07|aKnowledge transfer|2gcpds |
| 720 | 1 |aGrenier, Louise |
| 856 | 40|ahttp://publications.gc.ca|qPDF|s8.29 MB|uhttps://publications.gc.ca/collections/collection_2012/crdi-idrc/E97-52-1998-eng.pdf |